| 000 | 00588cam a2200217 4500 | ||
|---|---|---|---|
| 001 | J104959 | ||
| 008 | 000000n2000 000 0 eng u | ||
| 035 | _a(Sirsi) u104959 | ||
| 050 | _a693.5 | ||
| 100 | _aHalliwell, M A | ||
| 245 | _aAvoiding the thaumasite form of sulfate attack : two year report | ||
| 260 |
_aLondon _bCRC _c2000 |
||
| 300 | _ac30p. ; ill. ; 30cm. | ||
| 350 | _a36.00 | ||
| 650 | _aTHAUMASITE | ||
| 650 | _aCEMENT | ||
| 690 | _aBUILT ENVIRONMENT-BUILDING MATERIALS | ||
| 700 | _aCrammond, J N | ||
| 710 | _aBuilding Research Establishment | ||
| 942 | _n0 | ||
| 999 |
_c100306 _d100306 |
||